<?xml version="1.0" encoding="UTF-8"?>
<record
    xmlns:xsi="http://www.w3.org/2001/XMLSchema-instance"
    xsi:schemaLocation="http://www.loc.gov/MARC21/slim http://www.loc.gov/standards/marcxml/schema/MARC21slim.xsd"
    xmlns="http://www.loc.gov/MARC21/slim">

  <leader>02182cam a22002534a 4500</leader>
  <controlfield tag="001">15092675</controlfield>
  <controlfield tag="003">OSt</controlfield>
  <controlfield tag="005">20210414114506.0</controlfield>
  <controlfield tag="008">071126s2007    at a     b    001 0 eng  </controlfield>
  <datafield tag="010" ind1=" " ind2=" ">
    <subfield code="a">  2007942029</subfield>
  </datafield>
  <datafield tag="020" ind1=" " ind2=" ">
    <subfield code="a">9781401839659</subfield>
  </datafield>
  <datafield tag="040" ind1=" " ind2=" ">
    <subfield code="c">sl</subfield>
  </datafield>
  <datafield tag="050" ind1="0" ind2="0">
    <subfield code="a">RT97.P833 </subfield>
  </datafield>
  <datafield tag="245" ind1="0" ind2="0">
    <subfield code="a">Public health nursing :</subfield>
    <subfield code="b">leadership, policy,  &amp; practice. /</subfield>
    <subfield code="c">[edited by] L. Louise Ivanov, Carolyn L. Blue.</subfield>
  </datafield>
  <datafield tag="260" ind1=" " ind2=" ">
    <subfield code="a">United States :</subfield>
    <subfield code="b">Delmar Cengage Delmar,</subfield>
    <subfield code="c">c2008.</subfield>
  </datafield>
  <datafield tag="300" ind1=" " ind2=" ">
    <subfield code="a">xxii, 791 p. :</subfield>
    <subfield code="b">ill. ;</subfield>
    <subfield code="c">24 cm.</subfield>
  </datafield>
  <datafield tag="500" ind1=" " ind2=" ">
    <subfield code="a">Includes bibliographical references and index.</subfield>
  </datafield>
  <datafield tag="505" ind1=" " ind2=" ">
    <subfield code="a">Contents:History of public health and public health nursing -- Core function of public health nursing -- Practice settings in public health nursing -- Epidemiology and public health nursing -- Law,health policy,and public health nursing -- Health care organization and financing -- Economic of public health nursing -- Challenges of global health -- Environmental health risk -- Community and population assessment -- Health risk appraisal -- Principles of health promotion -- Principles of education -- Program development and evaluation -- Community development for health promotion -- Health care management -- Ethics and human rights -- Public health nursing research -- Population with infectious and communicable diseases -- Population with chronic diseases -- Maternal and child populations -- The elder population -- Rural and migrant populations -- Racial and ethical disparities -- Immigrant and refugee populations -- The homeless population -- Population with substance abuse -- Diseases preparedness and public health nursing -- The future of public health nursing -- Appendices --  A.core competencies for public health nursing practice -- B Scope and standards of public health -- C American public health association principles on public health and human rights --  D Determinants of health -- E Healthy people 2010 goals -- F Professional association,organizations,and institution -- G Abbreviation </subfield>
  </datafield>
  <datafield tag="650" ind1=" " ind2="0">
    <subfield code="a">Public health nursing.</subfield>
  </datafield>
  <datafield tag="650" ind1=" " ind2="0">
    <subfield code="a">Community health nursing.</subfield>
  </datafield>
  <datafield tag="700" ind1="1" ind2=" ">
    <subfield code="a">Ivanov, L. Louise.</subfield>
  </datafield>
  <datafield tag="700" ind1="1" ind2=" ">
    <subfield code="a">Blue, Carolyn L.</subfield>
  </datafield>
  <datafield tag="942" ind1=" " ind2=" ">
    <subfield code="2">lcc</subfield>
    <subfield code="c">BK</subfield>
  </datafield>
  <datafield tag="999" ind1=" " ind2=" ">
    <subfield code="c">5771</subfield>
    <subfield code="d">13271</subfield>
  </datafield>
  <datafield tag="952" ind1=" " ind2=" ">
    <subfield code="0">0</subfield>
    <subfield code="1">0</subfield>
    <subfield code="2">lcc</subfield>
    <subfield code="4">0</subfield>
    <subfield code="7">0</subfield>
    <subfield code="a">WIUC-1</subfield>
    <subfield code="b">WIUC-1</subfield>
    <subfield code="c">NURS L.</subfield>
    <subfield code="d">2015-10-05</subfield>
    <subfield code="l">0</subfield>
    <subfield code="o">RT97.P833</subfield>
    <subfield code="p">NURS/29/15</subfield>
    <subfield code="r">2015-10-05 00:00:00</subfield>
    <subfield code="w">2015-10-05</subfield>
    <subfield code="y">BK</subfield>
  </datafield>
</record>
